1225 1446 1141 1234 1776 1249 1333 1887 1937 1797 1534 1740 1587 1673 1812 1806 1532 1321 1243 1097 1591 1891 1608 1380 1877 1446 1657 1020 1571 1631 1502 1420 1688 1707 1295 1951 1150 1809 1618 1302 1365 1906 1934 1266 1619 1888 1332 1154 1047 1953 1666 1228 1745 1574 1225 1858 1625 1612 1689 1063 1774 1429 1259 1127 1445 1649 1984 1927 1915 1090 1377 1730 1711 1561 1220 1708 1576 1101 1720 1141 1308 1274 1668 1019 1702 1722 1057 1081 1795 1168 1267 1008 1013 1679 1338 1899 1612 1938 1374 BCNSPRNW ULIB Ver.6.0+V

เปลี่ยนเป็นภาษาไทย

Change to English
 แสดงรายละเอียดบรรณานุกรม
  กลับหน้าหลัก

Brief Record : Get Marc (ISO 2709) : E-mail record : QR code < ปิดหน้าต่าง
LEADER : 00000nam 2200000uu 4500
001    13399112117
003     ULIB
008    110727s2551||||th 000 0 tha d
020    9789740580300
050  4 HA62^bพ771ข 2551
100 0  พิสณุ ฟองศรี
245 10 108 ข้อบกพร่อง :^bแนวทางปรับปรุงการเขียนและวิทยานิพนธ์ /^cพิสณุ ฟองศรี
246 30 แนวทางปรับปรุงการเขียนและวิทยานิพนธ์
250    พิมพ์ครั้งที่ 2
260    กรุงเทพฯ :^bเพชรรุ่งการพิมพ์,^c2551
300     7, 183 หน้า ;^c21 ซม.
650  4 การเขียนโครงการวิจัย
650  4 การเขียนรายงาน
650  4 ภาคนิพนธ์
650  4 วิทยานิพนธ์
945    ^p130^l0^i024210
945    ^p130^l0^i024663
995    ทศพร
999 ^a ทศพร
รายการนี้ยังไม่มีแท็ก
คุณยังไม่ได้ล็อกอิน คุณสามารถมีกิจกรรมร่วมกับเว็บไซต์ได้ แต่ต้องล็อกอินก่อน ::
  ล็อกอิน

รายการสื่อสารสนเทศ

ลำดับที่ ประเภท เลขเรียก/บาร์โค้ด สถานที่ สถานะ
1. วิทยาศาสตร์การแพทย์ และสุขภาพ
หนังสือสำรอง
สถานะ=หนังสือสำรอง
HA62 พ771ข 2551 ฉ.1 
  Barcode: 024210
ห้องสมุดวิทยาเขตสวรรค์ประชารักษ์
►ส่วนจัดเก็บหนังสือเก่า สปร
บนชั้น
  ขอยืม

รายการใกล้เคียง
    ผู้แต่ง [พิสณุ ฟองศรี]

    หัวเรื่อง [การเขียนโครงการวิจัย]
    หัวเรื่อง [การเขียนรายงาน]
    หัวเรื่อง [ภาคนิพนธ์]
    หัวเรื่อง [วิทยานิพนธ์]

BibComment


ยังไม่เคยถูกคอมเมนท์

คอมเมนท์ทรัพยากรรายการนี้
  คอมเมนท์: 108 ข้อบกพร่อง แ..


 Copyright 2026. Bcnsprnw @Library